Années de JO d'été - Mort subite - Statistiques

Statistiques générales
  • Ce quiz a été pris 173 fois
  • Le résultat moyen est 7 sur 16
Answers on the Grid
Answers color-coded by a green-red scale on the quiz's grid according to % correct below.
2024
2016
2012
2008
2004
2000
1996
1896
1920
1924
1948
1952
1960
1964
1972
1976
2022
2025
2018
2014
2010
2006
2002
1998
1994
1990
1986
1982
1978
1974
1902
1906
 
Statistiques - réponses
Réponse % Correct
2024
78%
2000
66%
2016
66%
2012
64%
2008
62%
2004
61%
1996
56%
1924
28%
1896
26%
1976
24%
1960
22%
1964
22%
1972
21%
1920
20%
1948
19%
1952
19%
Aucun quiz correspondant
Distribution des résultats
% des personnes avec chaque résultat
Percentile par nombre de réponses
Votre historique - résultats
Vous n’avez pas pris ce quiz